[Event "DVM U12 2010"]
[Site "Templin OT Groß Dölln GER"]
[Date "2010.12.30"]
[Round "7"]
[White "Richter, Leonard"]
[Black "Baskin, Robert"]
[Result "0-1"]
[Termination "normal"]
[Board "1.1"]
[WhiteElo "1826"]
[BlackElo "1891"]
[WhiteTeam "BSG Chemie Leipzig"]
[BlackTeam "Makkabi Frankfurt"]
[WhiteFideId "12900290"]
[BlackFideId "24662402"]
[EventCountry "GER"]
[EventRounds "7"]
[EventType "team-swiss"]
[EventDate "2010.12.26"]

1. e4 c5 2. d4 cxd4 3. c3 dxc3 4. Nxc3 Nc6 5. Nf3 d6 6. Bc4 a6 7. O-O Nf6 8. h3
e6 9. Qe2 b5 10. Bb3 Ra7 11. Bf4 Rd7 12. Rac1 Bb7 13. Rfd1 Be7 14. Ng5 h6 15.
Bxe6 hxg5 16. Bxd7+ Qxd7 17. e5 Nh5 18. Bh2 Qe6 19. Nd5 Bd8 20. g4 Nf4 21. Nxf4
gxf4 22. Rxd6 Qxe5 23. Qd2 O-O 24. Bxf4 Qe4 25. Re1 Qf3 26. Rd3 Nd4 27. Rxf3
Nxf3+ 28. Kf1 Nxd2+ 0-1

[Event "DVM U12 2010"]
[Site "Templin OT Groß Dölln GER"]
[Date "2010.12.30"]
[Round "7"]
[White "Mager, Denis"]
[Black "Angrick, Philipp"]
[Result "1/2-1/2"]
[Termination "normal"]
[Board "1.2"]
[WhiteElo "1681"]
[BlackElo "1837"]
[WhiteTeam "Makkabi Frankfurt"]
[BlackTeam "BSG Chemie Leipzig"]
[WhiteFideId "24691127"]
[BlackFideId "12912298"]
[EventCountry "GER"]
[EventRounds "7"]
[EventType "team-swiss"]
[EventDate "2010.12.26"]

1. d4 {[%emt 0:00:00]} d5 {[%eval 0,0] [%emt 0:00:00]} 2. Nf3 Nf6 3. c4 c6 4.
e3 Bf5 5. Nc3 e6 6. Bd3 Bxd3 7. Qxd3 Nbd7 8. e4 dxe4 9. Nxe4 Nxe4 10. Qxe4 Nf6
11. Qe2 Be7 12. O-O Qc7 13. Ne5 O-O 14. Bf4 Bd6 15. Rad1 Rad8 16. Rd3 Rfe8 17.
Rg3 Nd7 18. Re1 Nxe5 19. dxe5 Bf8 20. h3 Rd4 21. Be3 Re4 22. f4 g6 23. Qc2 Rxe3
24. Rgxe3 Bc5 25. Kh1 Bxe3 26. Rxe3 Kg7 27. Rd3 Rd8 28. Qd2 Rxd3 29. Qxd3 Qa5
30. a3 Qe1+ 31. Kh2 Qf2 32. Qg3 Qxb2 33. Qd3 Qf2 34. Qe4 Qd2 35. c5 Qc3 36. Qb1
Qxa3 37. Qxb7 Qxc5 38. Qd7 Qc4 39. Qd2 a5 40. Qxa5 Qxf4+ 41. Kh1 Qc1+ 42. Kh2
c5 43. Qc7 c4 44. Qc6 Qf4+ 45. Kh1 Qc1+ 46. Kh2 Qf4+ 47. Kh1 Qxe5 48. Qxc4 f5
49. Qc6 Kf6 50. Qd7 h5 51. Qd8+ Kg7 52. Qe7+ Kh6 53. Qf8+ Kg5 54. Qd8+ Kf4 55.
Qh4+ Ke3 56. Qe1+ Kd4 57. Qd2+ Ke4 58. Qe2+ Kd5 59. Qb5+ Ke4 60. Qe2+ Kd5
1/2-1/2

[Event "DVM U12 2010"]
[Site "Templin OT Groß Dölln GER"]
[Date "2010.12.30"]
[Round "7"]
[White "Schaefer, Matthes"]
[Black "Greif, Gavin"]
[Result "0-1"]
[Termination "normal"]
[Board "1.3"]
[WhiteElo "1387"]
[BlackElo "1713"]
[WhiteTeam "BSG Chemie Leipzig"]
[BlackTeam "Makkabi Frankfurt"]
[WhiteFideId "12946117"]
[BlackFideId "24662429"]
[EventCountry "GER"]
[EventRounds "7"]
[EventType "team-swiss"]
[EventDate "2010.12.26"]

1. e4 e5 2. Nf3 d6 3. d4 Nd7 4. Bc4 c6 5. O-O Be7 6. Nc3 Ngf6 7. Bg5 O-O 8. Qe2
b5 9. Bb3 a6 10. a3 Qc7 11. Rad1 Bb7 12. Qd3 Rad8 13. Nh4 Rfe8 14. Qf3 h6 15.
Be3 Bf8 16. Nf5 exd4 17. Rxd4 c5 18. Rdd1 c4 19. Ba2 Nxe4 20. Nxe4 Bxe4 21. Qg4
Nf6 22. Qg3 $11 Bxf5 23. c3 Kh8 24. Bb1 Bxb1 25. Rxb1 Qd7 26. Rbd1 Qg4 27. Qxg4
Nxg4 28. Bb6 Rb8 29. Bc7 Rbc8 30. Bxd6 Bxd6 31. Rxd6 Re6 32. Rd2 Rce8 33. h3
Ne5 34. Rdd1 Nd3 35. Rb1 Re2 0-1

[Event "DVM U12 2010"]
[Site "Templin OT Groß Dölln GER"]
[Date "2010.12.30"]
[Round "7"]
[White "Paulsen, Alexej"]
[Black "Caprita, Victor"]
[Result "1/2-1/2"]
[Termination "normal"]
[Board "1.4"]
[WhiteElo "1559"]
[BlackElo "1175"]
[WhiteTeam "Makkabi Frankfurt"]
[BlackTeam "BSG Chemie Leipzig"]
[WhiteFideId "24662372"]
[BlackFideId "12946125"]
[EventCountry "GER"]
[EventRounds "7"]
[EventType "team-swiss"]
[EventDate "2010.12.26"]

1. e4 e5 2. Nf3 Nc6 3. Bb5 a6 4. Ba4 b5 5. Bb3 Nf6 6. d3 Be7 7. O-O O-O 8. Nbd2
d6 9. c3 Na5 10. Bc2 c5 11. Re1 h6 12. Nf1 Be6 13. Ng3 Nc6 14. d4 cxd4 15. cxd4
exd4 16. Nxd4 Nxd4 17. Qxd4 Rc8 18. Bb3 a5 19. Bf4 a4 20. Bxe6 fxe6 21. e5 Rc4
22. Qd2 dxe5 23. Qxd8 Rxd8 24. Bxe5 Rc2 25. Rac1 Rdd2 26. Rxc2 Rxc2 27. a3 Kf7
28. Bd4 1/2-1/2

[Event "DVM U12 2010"]
[Site "Templin OT Groß Dölln GER"]
[Date "2010.12.30"]
[Round "7"]
[White "Poghosyan, Tigran"]
[Black "Riehle, Marco"]
[Result "1-0"]
[Termination "normal"]
[Board "2.1"]
[WhiteElo "1542"]
[BlackElo "1591"]
[WhiteTeam "Lübecker SV"]
[BlackTeam "SF Sasbach"]
[WhiteFideId "12909319"]
[BlackFideId "12904392"]
[EventCountry "GER"]
[EventRounds "7"]
[EventType "team-swiss"]
[EventDate "2010.12.26"]

1. e4 e5 2. Nf3 Nc6 3. Bb5 a6 4. Ba4 Nf6 5. O-O Be7 6. Re1 b5 7. Bb3 O-O 8. d3
d6 9. a4 Be6 10. Bxe6 fxe6 11. c3 Rb8 12. Qb3 Qd7 13. d4 exd4 14. cxd4 bxa4 15.
Qd1 Rb4 16. Nc3 e5 17. dxe5 Nxe5 18. Nxe5 dxe5 19. Qxd7 Nxd7 20. Nd5 Bc5 21.
Nxb4 Bxb4 22. Re2 Nc5 23. Bg5 Kf7 24. Be3 Nxe4 25. Rxa4 c5 26. Bxc5 Nxc5 27.
Rxb4 Nd3 28. Rb7+ Kg8 29. Re3 Rc8 30. h3 e4 31. Rxe4 Nc5 32. Rc4 Kf8 33. b4 Rd8
34. Rxc5 h5 35. Rxh5 Kg8 36. Rg5 a5 37. bxa5 Kh7 38. a6 Kh6 39. Rgxg7 Kh5 40.
a7 Kh4 41. Rb8 Rd1+ 42. Kh2 Rd5 43. a8=Q Ra5 44. Rh8+ Rh5 45. Qe4# 1-0

[Event "DVM U12 2010"]
[Site "Templin OT Groß Dölln GER"]
[Date "2010.12.30"]
[Round "7"]
[White "Bohnert, Dominik"]
[Black "Kololli, Kevin"]
[Result "0-1"]
[Termination "normal"]
[Board "2.2"]
[WhiteElo "1425"]
[BlackElo "1324"]
[WhiteTeam "SF Sasbach"]
[BlackTeam "Lübecker SV"]
[WhiteFideId "12918075"]
[BlackFideId "12936863"]
[EventCountry "GER"]
[EventRounds "7"]
[EventType "team-swiss"]
[EventDate "2010.12.26"]

1. e4 c6 2. c4 d5 3. exd5 cxd5 4. cxd5 Nf6 5. Nc3 Nxd5 6. Nf3 g6 7. d4 Bg7 8.
Bc4 Nb6 9. Bb3 O-O 10. O-O Bg4 11. d5 Qd7 12. Qd3 Na6 13. Qe3 Qc7 14. Ng5 Bf5
15. Bd2 Qc5 16. Rfe1 Qxe3 17. Rxe3 Bf6 18. Nge4 Bxe4 19. Rxe4 Nc5 20. Re2 Rfd8
21. Ne4 Nxe4 22. Rxe4 Nxd5 23. Bxd5 Rxd5 24. Bc3 Bxc3 25. bxc3 e6 26. Rb4 b6
27. Kf1 Rad8 28. Rc4 Rd2 29. Rc7 Rc2 30. Rxa7 Rdd2 31. f3 Rf2+ 32. Ke1 Rxg2 33.
Kf1 Rxh2 34. Kg1 Rhg2+ 35. Kh1 Rg5 36. Re1 Rxc3 37. Ra8+ Kg7 38. Rf1 Ra5 39.
Rb8 Rxa2 40. Rxb6 Rca3 41. Rb7 Ra1 42. Rxa1 Rxa1+ 43. Kg2 h5 44. Kg3 Ra4 45.
Rb5 Kf6 46. Rc5 e5 47. Rc6+ Kf5 48. Rc7 f6 49. Rc6 g5 50. Rb6 Ra3 51. Kg2 h4
52. Rc6 Ra2+ 53. Kh3 Rf2 54. f4 Rxf4 55. Kg2 g4 0-1

[Event "DVM U12 2010"]
[Site "Templin OT Groß Dölln GER"]
[Date "2010.12.30"]
[Round "7"]
[White "Kololli, Martin"]
[Black "Martin, Julian"]
[Result "1-0"]
[Termination "normal"]
[Board "2.3"]
[WhiteElo "1431"]
[BlackElo "1395"]
[WhiteTeam "Lübecker SV"]
[BlackTeam "SF Sasbach"]
[WhiteFideId "12936910"]
[BlackFideId "12941000"]
[EventCountry "GER"]
[EventRounds "7"]
[EventType "team-swiss"]
[EventDate "2010.12.26"]

1. e4 e5 2. Nf3 Nc6 3. Bc4 Bc5 4. c3 Nf6 5. d3 a6 6. Bb3 d6 7. O-O O-O 8. Nbd2
Nh5 9. Re1 Qf6 10. Kh1 Nf4 11. Nc4 Bxf2 12. Bxf4 exf4 13. Rf1 Ba7 14. d4 b5 15.
Ncd2 Be6 16. d5 Ne5 17. Nxe5 dxe5 18. dxe6 fxe6 19. Qg4 Rfe8 20. Nf3 c5 21. Qh4
c4 22. Bc2 Rad8 23. Rad1 Bb8 24. Qg5 Qxg5 25. Nxg5 Bc7 26. Rxd8 Bxd8 27. Nf3
Re7 28. Nxe5 Bc7 29. Nc6 Rd7 30. Rd1 Rxd1+ 31. Bxd1 e5 32. Bg4 a5 33. Bc8 Bb6
34. Nxe5 b4 35. Be6+ Kh8 36. Nxc4 bxc3 37. bxc3 Bc7 38. Kg1 g5 39. Kf2 Kg7 40.
e5 h5 41. Bd7 Kf7 42. e6+ Ke7 43. h3 Kf6 44. Kf3 Ke7 45. Nd2 Bd8 46. Ne4 Kf8
47. c4 Be7 48. c5 Bd8 49. c6 Ke7 50. Nxg5 Bc7 51. Ne4 h4 52. Kg4 Kf8 53. Kxh4
Ke7 54. Kg5 Bb8 55. h4 Be5 56. Kg6 Kd8 57. Kf7 f3 58. e7+ Kc7 59. gxf3 a4 60.
e8=Q a3 61. Qc8+ Kb6 62. Qb7+ Ka5 63. c7 Bxc7 64. Qb5# 1-0

[Event "DVM U12 2010"]
[Site "Templin OT Groß Dölln GER"]
[Date "2010.12.30"]
[Round "7"]
[White "Ehmann, Thilo"]
[Black "Tiedemann, Fin Niklas"]
[Result "1-0"]
[Termination "normal"]
[Board "2.4"]
[WhiteElo "1288"]
[BlackElo "1234"]
[WhiteTeam "SF Sasbach"]
[BlackTeam "Lübecker SV"]
[WhiteFideId "12940968"]
[BlackFideId "12936936"]
[EventCountry "GER"]
[EventRounds "7"]
[EventType "team-swiss"]
[EventDate "2010.12.26"]

1. d4 {[%emt 0:00:00]} Nf6 {[%eval 0,0] [%emt 0:00:00]} 2. e3 e6 3. Bd3 c5 4.
c3 d5 5. Nd2 Bd7 6. Ngf3 Nc6 7. O-O Be7 8. dxc5 Bxc5 9. e4 Qc7 10. Re1 O-O 11.
e5 Ng4 12. Bxh7+ Kh8 13. Nd4 Nh6 14. N2b3 (14. N4b3) 14... Bxd4 15. cxd4 Kxh7
16. Qd3+ Kh8 17. Re3 Ne7 18. Rh3 Neg8 19. g4 g6 20. g5 Rac8 21. Nc5 a6 22. Nxd7
Qxd7 23. gxh6 Ne7 24. Bg5 f5 25. Bf6+ Rxf6 26. exf6 Ng8 27. Qg3 Nxf6 28. Kh1
Qf7 29. Rg1 Ne4 30. Qe5+ Nf6 31. Rhg3 Rg8 32. Rc3 Kh7 33. Rc7 Nd7 34. Qd6 Rd8
35. Re1 Kg8 36. Rxe6 Ra8 37. Rxg6+ Kh8 38. Rxd7 Re8 39. Rxf7 1-0

[Event "DVM U12 2010"]
[Site "Templin OT Groß Dölln GER"]
[Date "2010.12.30"]
[Round "7"]
[White "Müller, Constantin"]
[Black "Scheinhütte, Jakob"]
[Result "1/2-1/2"]
[Termination "normal"]
[Board "3.1"]
[WhiteElo "1874"]
[BlackElo "1587"]
[WhiteTeam "SK München Südost"]
[BlackTeam "SV Empor Berlin"]
[WhiteFideId "24697630"]
[BlackFideId "24693944"]
[EventCountry "GER"]
[EventRounds "7"]
[EventType "team-swiss"]
[EventDate "2010.12.26"]

1. d4 e6 2. Nf3 Nf6 3. c4 b6 4. a3 Be7 5. g3 Bb7 6. Bg2 O-O 7. O-O d6 8. Nc3
Nbd7 9. Re1 c5 10. e4 Qc7 11. d5 exd5 12. exd5 Rfe8 13. Nb5 Qb8 14. Bf4 a6 15.
Rxe7 axb5 16. Rxe8+ Nxe8 17. Qe2 bxc4 18. Ng5 Ndf6 19. Qxc4 h6 20. Nh3 Qd8 21.
Rd1 Nc7 22. Qb3 b5 23. g4 Ra4 24. g5 Nh5 25. Bc1 hxg5 26. Bxg5 Nf6 27. Kh1 Qe7
28. Qg3 Nce8 29. Nf4 Qe5 30. h4 Ne4 31. Qf3 Nxg5 32. hxg5 Qxf4 33. Qe2 Ra8 34.
Qxb5 Qh4+ 35. Kg1 Qa4 36. Qe2 Ba6 37. Qd2 Qg4 38. Re1 Qd4 39. Qc2 Bd3 40. Qb3
Bg6 41. Qb5 f6 42. gxf6 Nxf6 43. Qc6 Re8 44. Rxe8+ Nxe8 45. Qb7 Qg4 46. Qe7
Qd1+ 47. Kh2 Qh5+ 48. Kg1 Qe5 49. Qxe5 dxe5 50. Bf1 Nd6 51. Bh3 Bf5 52. Bxf5
Nxf5 53. Kg2 Nd6 54. Kf3 Kf7 55. a4 Nc4 56. Ke4 Kf6 57. d6 Nxd6+ 58. Kd5 Nb7
59. Kc6 Na5+ 60. Kxc5 g5 61. Kb5 Nb3 62. Kc4 Na5+ 63. Kb5 Nb3 64. Kc4 1/2-1/2

[Event "DVM U12 2010"]
[Site "Templin OT Groß Dölln GER"]
[Date "2010.12.30"]
[Round "7"]
[White "Schmid, Floyd"]
[Black "Bergauz, Noam"]
[Result "0-1"]
[Termination "normal"]
[Board "3.2"]
[WhiteElo "1527"]
[BlackElo "1361"]
[WhiteTeam "SV Empor Berlin"]
[BlackTeam "SK München Südost"]
[WhiteFideId "24686069"]
[BlackFideId "12938033"]
[EventCountry "GER"]
[EventRounds "7"]
[EventType "team-swiss"]
[EventDate "2010.12.26"]

1. e4 c6 2. d4 d5 3. exd5 cxd5 4. Nf3 Nf6 5. Bg5 Nc6 6. c3 Bg4 7. Be2 e6 8.
Nbd2 Be7 9. O-O O-O 10. Re1 a6 11. Rc1 b5 12. b3 Bf5 13. Nf1 Ba3 14. Qd2 Bxc1
15. Rxc1 h6 16. Bf4 Rc8 17. Ng3 Ne4 18. Nxe4 Bxe4 19. Kh1 Ne7 20. Re1 Bh7 21.
h4 Nf5 22. g3 Nd6 23. Rc1 Ne4 24. Qe3 Qa5 25. Bd3 Rxc3 26. Rxc3 Qxc3 27. Bxe4
Qa1+ 28. Kg2 Bxe4 29. Bd6 Rd8 30. Bc5 Qd1 31. b4 Bxf3+ 32. Qxf3 Qxf3+ 33. Kxf3
g5 34. h5 f5 35. Ke2 Re8 36. Bd6 g4 37. Ke3 Kf7 38. a3 Ra8 39. Kd3 Kf6 40. Bf4
Rc8 41. Bxh6 Rh8 42. Bd2 Rxh5 43. Ke2 Rh1 44. Bc3 Rb1 45. Ke3 Rb3 46. Kd2 Rxa3
47. Kd3 Ra2 48. Ke3 Rc2 49. Bd2 e5 50. Kd3 Rxd2+ 51. Kxd2 exd4 52. Ke2 Ke5 53.
Kd3 f4 54. gxf4+ Kxf4 55. Kxd4 Kf3 56. Kxd5 Kxf2 57. Kc6 g3 0-1

[Event "DVM U12 2010"]
[Site "Templin OT Groß Dölln GER"]
[Date "2010.12.30"]
[Round "7"]
[White "Theilig, Franz"]
[Black "Hertzfeldt, Leon"]
[Result "0-1"]
[Termination "normal"]
[Board "3.3"]
[WhiteElo "1290"]
[BlackElo "1349"]
[WhiteTeam "SK München Südost"]
[BlackTeam "SV Empor Berlin"]
[EventCountry "GER"]
[EventRounds "7"]
[EventType "team-swiss"]
[EventDate "2010.12.26"]

1. f4 c5 2. Nf3 d6 3. e3 Nf6 4. b3 e6 5. Bb5+ Nbd7 6. Bb2 a6 7. Bxd7+ Bxd7 8.
O-O Be7 9. d3 O-O 10. Nbd2 Bc6 11. Qe1 b5 12. h3 Rc8 13. g4 Nd7 14. g5 f6 15.
h4 e5 16. Qg3 Qe8 17. Qg4 f5 18. Qg3 Bd8 19. c4 b4 20. fxe5 dxe5 21. Nxe5 Bc7
22. d4 cxd4 23. exd4 Nxe5 24. dxe5 Qe6 25. Nf3 f4 26. Nd4 fxg3 27. Nxe6 Rxf1+
28. Rxf1 g2 29. Rf2 Bb6 30. Bd4 Bxd4 31. Nxd4 Be4 32. Nf3 Rf8 33. Kxg2 Rf5 34.
e6 Re5 35. Kg3 Rxe6 36. Re2 Bf5 37. Rxe6 Bxe6 38. Nd4 Bd7 39. Kf4 Kf7 40. h5
Ke7 41. Nc2 a5 42. Ke5 h6 43. gxh6 gxh6 44. Kf4 Kd6 45. Nd4 Kc5 46. Nf5 Be8 47.
Ng3 Bd7 48. Nf5 Be8 49. Ng7 Bd7 50. Ke5 Bg4 51. Ne6+ Kc6 52. Nf4 Bd1 53. Kf6
Bc2 54. Kg7 Bb1 55. Kxh6 Bxa2 56. Kg7 Bxb3 57. h6 Bc2 58. Ng6 Bxg6 59. Kxg6 b3
60. h7 b2 61. h8=Q b1=Q+ 62. Kf7 Qf5+ 63. Ke7 Qc5+ 64. Kf7 Qxc4+ 65. Kg6 Qe6+
66. Kg5 Qd5+ 67. Kg6 Kb6 68. Qb2+ Qb5 69. Qd4+ Qc5 70. Qd8+ Kb5 71. Qd3+ Qc4
72. Qf5+ Kb4 73. Qb1+ Qb3 74. Qe4+ Ka3 75. Qe7+ Qb4 76. Qe3+ Ka2 77. Qe2+ Qb2
78. Qe6+ Ka1 79. Qe4 Qb4 80. Qe2 a4 81. Qe5+ Qb2 0-1

[Event "DVM U12 2010"]
[Site "Templin OT Groß Dölln GER"]
[Date "2010.12.30"]
[Round "7"]
[White "Henke, Georg"]
[Black "Leeb, Simon"]
[Result "0-1"]
[Termination "normal"]
[Board "3.4"]
[WhiteElo "1430"]
[BlackElo "1235"]
[WhiteTeam "SV Empor Berlin"]
[BlackTeam "SK München Südost"]
[WhiteFideId "24693936"]
[BlackFideId "12924768"]
[EventCountry "GER"]
[EventRounds "7"]
[EventType "team-swiss"]
[EventDate "2010.12.26"]

1. e4 {[%emt 0:00:00]} e6 2. d3 d5 3. Nd2 Nf6 4. g3 dxe4 5. dxe4 Bc5 6. Bg2 e5
7. Ngf3 Nc6 8. O-O O-O 9. Re1 Ng4 10. Rf1 b6 11. Qe2 a5 12. h3 Ba6 13. c4 Nf6
14. Rd1 Qe7 15. Nb3 Rfd8 16. Bg5 a4 17. Nxc5 Qxc5 18. b3 axb3 19. axb3 Qe7 20.
Kh2 h6 21. Bd2 Bb7 22. Bc3 Nd7 23. Nh4 g6 24. Nf3 Kh7 25. Qe3 Rxa1 26. Rxa1 Nc5
27. Rb1 Rd3 28. Qe1 Rd8 29. Qe2 Nb8 30. Nd2 Nc6 31. b4 Na4 32. Qe3 Nxc3 33.
Qxc3 Qd6 34. Nf3 Qd3 35. Qxd3 Rxd3 36. c5 f6 37. cxb6 cxb6 38. Rc1 Rd7 39. Rb1
Kg7 40. Bf1 Nd4 41. Nxd4 Rxd4 42. Bg2 Bxe4 43. Bxe4 Rxe4 44. Kg2 Kf7 45. Kf3
Rc4 46. Rb2 Ke6 47. Ke3 Rd4 48. f4 g5 49. fxg5 hxg5 50. Rb1 Kd5 51. g4 Kc4 52.
Kf2 Kb5 53. Ke3 Rxb4 54. Rxb4+ Kxb4 0-1

[Event "DVM U12 2010"]
[Site "Templin OT Groß Dölln GER"]
[Date "2010.12.30"]
[Round "7"]
[White "Greßmann, Moritz"]
[Black "Wendland, Tobias"]
[Result "1-0"]
[Termination "normal"]
[Board "4.1"]
[WhiteElo "1633"]
[BlackElo "1621"]
[WhiteTeam "BSV Chemie Weißensee"]
[BlackTeam "SV Backnang"]
[WhiteFideId "24695084"]
[BlackFideId "24662267"]
[EventCountry "GER"]
[EventRounds "7"]
[EventType "team-swiss"]
[EventDate "2010.12.26"]

1. Nf3 Nf6 2. c4 e6 3. g3 d5 4. Bg2 c6 5. cxd5 exd5 6. O-O Bd6 7. d4 O-O 8. Nc3
Bf5 9. Nh4 Bg4 10. Qc2 Nbd7 11. f3 Be6 12. e4 Qb6 13. Be3 dxe4 14. fxe4 Ng4 15.
Qd2 Nxe3 16. Qxe3 Qxb2 17. Rfb1 Qa3 18. Rxb7 Nb6 19. e5 Bb4 20. Nd1 Qa6 21.
Bxc6 Rac8 22. Bg2 Rfd8 23. Qf4 Rc4 24. Nf5 Nd5 25. Qg5 Bxf5 26. Qxd8+ Bf8 27.
Bxd5 Rxd4 28. Bxf7+ 1-0

[Event "DVM U12 2010"]
[Site "Templin OT Groß Dölln GER"]
[Date "2010.12.30"]
[Round "7"]
[White "Maier, Lukas"]
[Black "Donath, Johann"]
[Result "0-1"]
[Termination "normal"]
[Board "4.2"]
[WhiteElo "1387"]
[BlackElo "1520"]
[WhiteTeam "SV Backnang"]
[BlackTeam "BSV Chemie Weißensee"]
[WhiteFideId "12946184"]
[BlackFideId "24685160"]
[EventCountry "GER"]
[EventRounds "7"]
[EventType "team-swiss"]
[EventDate "2010.12.26"]

1. d4 {[%emt 0:00:00]} Nf6 {[%eval 0,0] [%emt 0:00:00]} 2. c4 g6 3. Nc3 Bg7 4.
Nf3 O-O 5. Bf4 d6 6. e3 c5 7. Be2 Nh5 8. Bg3 Nc6 9. O-O Bg4 10. d5 Nxg3 11.
fxg3 Bxf3 12. Bxf3 Ne5 13. Be2 a6 14. a4 Rb8 15. Qc2 Nd7 16. Ra2 Bxc3 17. Qxc3
Ne5 18. b3 Qb6 19. Raa1 e6 20. e4 exd5 21. exd5 Rbe8 22. Rae1 Qb4 23. Qxb4 $11
cxb4 24. h3 Re7 25. Bd1 Rfe8 26. Kh1 Nd7 27. Rxe7 Rxe7 28. Kg1 Re3 29. Rf3 Re1+
30. Rf1 Rxf1+ 31. Kxf1 Kg7 32. Kf2 Kf6 33. Ke3 Ke5 34. Be2 Nc5 35. Bd1 a5 36.
Bc2 f5 37. Bd1 h5 38. Bc2 Ne4 39. Bxe4 fxe4 40. h4 b6 41. Ke2 Kd4 42. Kd2 e3+
43. Kc2 e2 44. Kd2 e1=Q+ 45. Kxe1 Kc3 0-1

[Event "DVM U12 2010"]
[Site "Templin OT Groß Dölln GER"]
[Date "2010.12.30"]
[Round "7"]
[White "Koch, Elisabeth"]
[Black "Rausch, Adrian"]
[Result "0-1"]
[Termination "normal"]
[Board "4.3"]
[WhiteElo "1306"]
[BlackElo "1326"]
[WhiteTeam "BSV Chemie Weißensee"]
[BlackTeam "SV Backnang"]
[WhiteFideId "24695068"]
[BlackFideId "12929069"]
[EventCountry "GER"]
[EventRounds "7"]
[EventType "team-swiss"]
[EventDate "2010.12.26"]

1. e4 c6 2. d4 d5 3. exd5 cxd5 4. Bd3 Nc6 5. c3 Nf6 6. Nf3 Bg4 7. O-O e6 8. Bf4
Be7 9. Nbd2 O-O 10. Re1 Rc8 11. Nf1 Bd6 12. Bxd6 Qxd6 13. h3 Bh5 14. Ng3 Bg6
15. Bxg6 hxg6 16. Qd2 Nh7 17. Ne2 Rfe8 18. Nf4 Nf6 19. Nd3 Ne4 20. Qe3 Na5 21.
Nfe5 Nc4 22. Nxc4 Rxc4 23. Ne5 Rc7 24. Qf4 Rd8 25. f3 Nf6 26. Kf2 Nh5 27. Qg5
f6 28. Qxg6 Nf4 29. Qg4 fxe5 30. dxe5 Nd3+ 31. Ke3 Nxe5 32. Qd4 Nc4+ 33. Kf2 e5
34. Qh4 Qc5+ 35. Kg3 Qd6 36. b3 Nb2 37. Re3 d4 38. Re2 e4+ 39. f4 Rxc3+ 40. Kh2
d3 41. Rxb2 Rc2 42. Rxc2 dxc2 43. Rc1 Rc8 44. Qg4 Rc6 45. Kg3 Qd2 46. Qh5 Qe3+
47. Kg4 Qe2+ 48. Kg5 Rc5+ 49. f5 Rxf5+ 0-1

[Event "DVM U12 2010"]
[Site "Templin OT Groß Dölln GER"]
[Date "2010.12.30"]
[Round "7"]
[White "Soos, Philipp"]
[Black "Greßmann, Hanna"]
[Result "0-1"]
[Termination "normal"]
[Board "4.4"]
[WhiteElo "1107"]
[BlackElo "1280"]
[WhiteTeam "SV Backnang"]
[BlackTeam "BSV Chemie Weißensee"]
[WhiteFideId "12943967"]
[BlackFideId "12930709"]
[EventCountry "GER"]
[EventRounds "7"]
[EventType "team-swiss"]
[EventDate "2010.12.26"]

1. e4 e5 2. Nf3 Nc6 3. Bc4 Bc5 4. c3 Nf6 5. d4 exd4 6. cxd4 Bb4+ 7. Bd2 Nxe4 8.
Bxb4 Nxb4 9. Qe2 Qe7 10. O-O d5 11. Bb3 Nf6 12. Qxe7+ Kxe7 13. Nc3 Be6 14. Rfe1
Rhd8 15. Ne5 Kf8 16. a3 Na6 17. Nd3 Rac8 18. Nf4 Rd6 19. Nxe6+ fxe6 20. Nb5 Rb6
21. Ba4 c6 22. Nd6 Rd8 23. Rxe6 Nc7 24. Nxb7 Nxe6 25. Nxd8 Nxd8 26. b4 Ra6 27.
Bd1 Ne6 28. Be2 Rb6 29. Rd1 Ne4 30. Bg4 Ke7 31. Re1 Nxd4 32. f3 Nc2 33. Re2
Nxa3 34. fxe4 Rxb4 35. exd5+ Kd6 36. dxc6 Rxg4 37. Ra2 Ra4 38. Kf2 Kxc6 39. Ke3
Nc4+ 40. Kd3 Rxa2 41. Kxc4 Rb2 42. Kc3 Rb7 43. g4 a5 44. h4 a4 45. g5 a3 46. g6
h6 47. h5 a2 48. Kc2 a1=Q 49. Kd3 Qa4 50. Kd2 Rb2+ 51. Kc3 Rb3+ 52. Kc2 Qa2+
53. Kc1 Rb1# 0-1

[Event "DVM U12 2010"]
[Site "Templin OT Groß Dölln GER"]
[Date "2010.12.30"]
[Round "7"]
[White "Gungl, Theo"]
[Black "Engert, Marvin"]
[Result "1-0"]
[Termination "normal"]
[Board "5.1"]
[WhiteElo "1735"]
[BlackElo "1631"]
[WhiteTeam "USV TU Dresden"]
[BlackTeam "SG Turm Leipzig"]
[WhiteFideId "24695653"]
[BlackFideId "12901164"]
[EventCountry "GER"]
[EventRounds "7"]
[EventType "team-swiss"]
[EventDate "2010.12.26"]

1. e4 {[%emt 0:00:00]} c5 2. Nf3 Nc6 3. d4 cxd4 4. Nxd4 Nf6 5. Nc3 e5 6. Ndb5
d6 7. Bg5 a6 8. Na3 b5 9. Bxf6 gxf6 10. Nd5 f5 11. c3 fxe4 12. Bxb5 Bd7 13.
Bxa6 Rxa6 14. Nb5 Ra7 15. Nxa7 Nxa7 16. a4 Bg7 17. b4 O-O 18. b5 Qa5 19. O-O
Nc8 20. Qb3 Nb6 21. Nxb6 Qxb6 22. c4 Ra8 23. Qe3 Qxe3 24. fxe3 Bh6 25. Kf2 Bg5
26. a5 Kf8 27. b6 Bc8 28. Rab1 Ba6 29. b7 Rb8 30. Rb6 Rxb7 31. Rxb7 Bxb7 32. a6
Ba8 33. Rb1 Ke7 34. Rb7+ Ke6 35. Rc7 d5 36. Rc8 d4 37. Rxa8 Bxe3+ 38. Ke2 Bg5
39. a7 d3+ 40. Kd1 e3 41. Re8+ Kf5 42. a8=Q e2+ 43. Ke1 Bh4+ 44. g3 Bxg3+ 45.
hxg3 d2+ 46. Kxd2 e1=Q+ 47. Kxe1 1-0

[Event "DVM U12 2010"]
[Site "Templin OT Groß Dölln GER"]
[Date "2010.12.30"]
[Round "7"]
[White "Hummel, Felician"]
[Black "Schamschurko, André"]
[Result "0-1"]
[Termination "normal"]
[Board "5.2"]
[WhiteElo "1509"]
[BlackElo "1738"]
[WhiteTeam "SG Turm Leipzig"]
[BlackTeam "USV TU Dresden"]
[WhiteFideId "16200489"]
[BlackFideId "24695670"]
[EventCountry "GER"]
[EventRounds "7"]
[EventType "team-swiss"]
[EventDate "2010.12.26"]

1. d4 Nf6 2. Nf3 g6 3. e3 Bg7 4. Bd3 d6 5. Nbd2 O-O 6. c3 Nbd7 7. Qe2 e5 8. O-O
Ne8 9. e4 f5 10. Re1 f4 11. Nb3 g5 12. h3 h6 13. a4 Nef6 14. Nh2 Kh7 15. Rd1
Qe8 16. a5 a6 17. Kf1 Qg6 18. c4 h5 19. f3 Rg8 20. Ke1 Bh6 21. d5 g4 22. hxg4
hxg4 23. Rd2 Qh5 24. Nf1 Nf8 25. Rc2 gxf3 26. gxf3 Bh3 27. Qd1 Qh4+ 28. Ng3
Qxg3+ 29. Ke2 Qg2+ 0-1

[Event "DVM U12 2010"]
[Site "Templin OT Groß Dölln GER"]
[Date "2010.12.30"]
[Round "7"]
[White "Birkenheuer, Simon"]
[Black "Storch, Domenic"]
[Result "1-0"]
[Termination "normal"]
[Board "5.3"]
[WhiteElo "1486"]
[BlackElo "1447"]
[WhiteTeam "USV TU Dresden"]
[BlackTeam "SG Turm Leipzig"]
[WhiteFideId "12964786"]
[BlackFideId "16200470"]
[EventCountry "GER"]
[EventRounds "7"]
[EventType "team-swiss"]
[EventDate "2010.12.26"]

1. e4 c5 2. Nc3 Nc6 3. g3 d6 4. Bg2 g6 5. d3 Bg7 6. f4 e6 7. Nf3 Nge7 8. O-O
O-O 9. Be3 a6 10. Rb1 b5 11. Kh1 Qc7 12. Qd2 Bb7 13. Qf2 Rfe8 14. Nh4 h6 15.
Bd2 Nd4 16. Be3 Kh7 17. Nd1 Nec6 18. Nf3 Rac8 19. c3 f5 20. exf5 Nxf5 21. Bd2
Qb8 22. Ne3 Nfe7 23. Nc2 Nd5 24. Kg1 Nb6 25. Rfe1 Ba8 26. Be3 Nd7 27. d4 cxd4
28. Ncxd4 Nxd4 29. Nxd4 e5 30. Bxa8 Qxa8 31. fxe5 dxe5 32. Qf7 exd4 33. Bxd4
Rxe1+ 34. Rxe1 Rg8 35. Qxd7 Qd8 36. Qxd8 Rxd8 37. Re7 Rg8 38. Kf2 Kh8 39. Bxg7+
Rxg7 40. Rxg7 Kxg7 41. Kf3 Kf6 42. b3 Kf5 43. c4 bxc4 44. bxc4 Ke5 45. Ke3 g5
46. h3 a5 47. a4 Kd6 48. Kd4 h5 49. c5+ Kc6 50. Kc4 g4 51. h4 Kb7 52. Kb5 Kc7
53. Kxa5 Kc6 54. Kb4 1-0